[Event "Marseille op 4th"]
[Site "Marseille"]
[Date "2003.07.02"]
[Round "6"]
[White "Milon, Cyril"]
[Black "Nanu, Ciprian Costica"]
[Result "0-1"]
[WhiteElo "2087"]
[BlackElo "2462"]
[PlyCount "156"]
[EventDate "2003.06.28"]
[EventType "swiss"]
[EventRounds "9"]
[EventCountry "FRA"]
[SourceTitle "EXT 2004"]
[Source "ChessBase"]
[SourceDate "2003.11.25"]
[SourceVersion "1"]
[SourceVersionDate "2003.11.25"]
[SourceQuality "1"]

1. d4 Nf6 2. c4 g6 3. Nc3 Bg7 4. e4 0-0 5. Nf3 c6 6. Bd3 d6 7. 0-0 Bg4 8. Be3 Nbd7 9. h3 Bxf3 10. Qxf3 c5 11. d5 e6 12. Qe2 exd5 13. cxd5 Re8 14. Qc2 a6 15. a4 Qa5 16. Bd2 Qc7 17. Bc4 Ne5 18. b3 Qe7 19. Rae1 Nh5 20. Be2 Qh4 21. Qc1 Bf6 22. Kh2 Bd8 23. g3 Qe7 24. f4 Nd7 25. Bxh5 gxh5 26. Qd1 Qf6 27. e5 dxe5 28. fxe5 Qg6 29. Bf4 Ba5 30. Rf3 Rad8 31. Rfe3 Nf8 32. R1e2 Bxc3 33. Rxc3 Ne6 34. Ree3 Qf5 35. Qd3 Ng7 36. Rxc5 h4 37. Rc3 Rc8 38. Re2 Rxc3 39. Qxc3 Nh5 40. Qe3 f6 41. Rf2 Nxf4 42. Rxf4 Qxe5 43. Qxe5 hxg3+ 44. Kxg3 Rxe5 45. Rd4 Kf7 46. d6 Ke8 47. Kf4 Kd7 48. b4 b5 49. axb5 Rxb5 50. Kg4 Rg5+ 51. Kf4 Rb5 52. Kg4 h5+ 53. Kf4 Rg5 54. Kf3 Rg1 55. Rh4 Rb1 56. Rd4 Rb3+ 57. Kg2 Re3 58. Rd5 Re5 59. Rd4 Rb5 60. Kg3 Rf5 61. Kg2 Rg5+ 62. Kf3 Rg1 63. Rh4 Rb1 64. Rd4 Rb3+ 65. Kg2 Rc3 66. Kf2 Rxh3 67. Kg2 Re3 68. Kh2 Re5 69. Kg3 Rg5+ 70. Kf3 Rg4 71. Rd5 Rxb4 72. Rxh5 Kxd6 73. Ra5 Rb6 74. Kf4 Kc7 75. Ke4 Rd6 76. Kf4 Kb6 77. Ra3 a5 78. Kf5 Kb5 0-1